[Event "SVK-chT 2324"]
[Site "Slovakia"]
[Date "2023.11.05"]
[Round "2.6"]
[White "Szucs, Vladimir"]
[Black "Pacher, Milan"]
[Result "0-1"]
[WhiteElo "2082"]
[BlackElo "2388"]
[PlyCount "80"]
[EventDate "2023.11.04"]
[EventType "team-tourn"]
[EventRounds "11"]
[EventCountry "SVK"]
[SourceTitle "Mega2024 Update 01"]
[Source "Chessbase"]
[SourceDate "2023.11.12"]
[SourceVersion "1"]
[SourceVersionDate "2023.11.12"]
[SourceQuality "1"]
[WhiteTeam "Podhajska Aquamarin"]
[BlackTeam "Modra"]
[WhiteTeamCountry "SVK"]
[BlackTeamCountry "SVK"]

1. d4 g6 2. Nf3 Bg7 3. e3 f5 4. Be2 Nf6 5. 0-0 0-0 6. b3 d6 7. Bb2 c6 8. c4 Na6 9. Nbd2 Rb8 10. a3 b5 11. cxb5 cxb5 12. b4 Nc7 13. Nb3 Bb7 14. Rc1 Qd7 15. Na5 Ba8 16. Qc2 Ncd5 17. Qb1 Ne4 18. Bd3 Kh8 19. Bxe4 fxe4 20. Nd2 Nf6 21. Rc2 Bd5 22. Qd1 Rbc8 23. Qc1 a6 24. Nb1 Be6 25. Qd2 Bh3 26. Rxc8 Qxc8 27. Nc3 Bxg2 28. Kxg2 Qg4+ 29. Kh1 Qf3+ 30. Kg1 Ng4 31. Nxe4 Qxe4 32. Qe2 h5 33. h3 Nf6 34. f3 Qe6 35. Kg2 Nd5 36. Kf2 Qxh3 37. Rg1 Bh6 38. Bc1 Nc3 39. Qc2 Qxf3+ 40. Ke1 Bxe3 0-1

[Event "SVK-chT 2223"]
[Site "Slovakia"]
[Date "2023.04.01"]
[Round "10.5"]
[White "Molnar, Erno"]
[Black "Szucs, Vladimir"]
[Result "1/2-1/2"]
[WhiteElo "2234"]
[BlackElo "2065"]
[PlyCount "67"]
[EventDate "2022.10.22"]
[EventType "team-tourn"]
[EventRounds "11"]
[EventCountry "SVK"]
[SourceTitle "EXT 2024"]
[Source "ChessBase"]
[SourceDate "2023.10.10"]
[SourceVersion "1"]
[SourceVersionDate "2023.10.10"]
[SourceQuality "1"]
[WhiteTeam "Komarno"]
[BlackTeam "Podhajska Aquamarin"]
[WhiteTeamCountry "SVK"]
[BlackTeamCountry "SVK"]

1. e4 e6 2. d4 d5 3. Nd2 c5 4. Ngf3 cxd4 5. Nxd4 Nf6 6. exd5 Nxd5 7. N2f3 Nd7 8. Bd3 Be7 9. 0-0 0-0 10. c4 N5f6 11. Bf4 a6 12. Re1 Qb6 13. Qe2 Re8 14. Be3 Qc7 15. Bc2 Nf8 16. a3 Ng6 17. b4 Bd7 18. Rec1 Rac8 19. h3 Ne5 20. Nxe5 Qxe5 21. Nf3 Qc7 22. Bd4 g6 23. Ne5 Bc6 24. Re1 Red8 25. Bb2 Be8 26. Rac1 Nd7 27. c5 Bf6 28. f4 Nxe5 29. Bxe5 Bxe5 30. Qxe5 Qxe5 31. fxe5 Rd2 32. Be4 Bc6 33. Bxc6 bxc6 34. Rc3 1/2-1/2

[Event "SVK-chT 2223"]
[Site "Slovakia"]
[Date "2023.03.31"]
[Round "9.5"]
[White "Szucs, Vladimir"]
[Black "Halak, Miklos"]
[Result "1/2-1/2"]
[WhiteElo "2065"]
[BlackElo "2261"]
[PlyCount "37"]
[EventDate "2022.10.22"]
[EventType "team-tourn"]
[EventRounds "11"]
[EventCountry "SVK"]
[SourceTitle "EXT 2024"]
[Source "ChessBase"]
[SourceDate "2023.10.10"]
[SourceVersion "1"]
[SourceVersionDate "2023.10.10"]
[SourceQuality "1"]
[WhiteTeam "Podhajska Aquamarin"]
[BlackTeam "Cebovce"]
[WhiteTeamCountry "SVK"]
[BlackTeamCountry "SVK"]

1. d4 d5 2. Nf3 e6 3. e3 b6 4. b3 Bb7 5. Bd3 Nf6 6. 0-0 Bd6 7. Bb2 0-0 8. Nbd2 Ne4 9. c4 Nd7 10. Rc1 Qe7 11. Qe2 f5 12. Rfd1 Qf6 13. Nf1 Qh6 14. Ne5 Rad8 15. f3 Bxe5 16. dxe5 Nec5 17. Bb1 dxc4 18. Qxc4 Bd5 19. Qe2 1/2-1/2

[Event "SVK-chT 2223"]
[Site "Slovakia"]
[Date "2023.01.21"]
[Round "5.2"]
[White "Szucs, Vladimir"]
[Black "Pacher, Milan"]
[Result "1/2-1/2"]
[WhiteElo "2065"]
[BlackElo "2434"]
[PlyCount "62"]
[EventDate "2022.10.22"]
[EventType "team-tourn"]
[EventRounds "11"]
[EventCountry "SVK"]
[SourceTitle "EXT 2024"]
[Source "ChessBase"]
[SourceDate "2023.10.10"]
[SourceVersion "1"]
[SourceVersionDate "2023.10.10"]
[SourceQuality "1"]
[WhiteTeam "Podhajska Aquamarin"]
[BlackTeam "Modra"]
[WhiteTeamCountry "SVK"]
[BlackTeamCountry "SVK"]

1. d4 d5 2. Nf3 Nf6 3. e3 Bg4 4. Be2 e6 5. b3 Bb4+ 6. c3 Bd6 7. Bb2 0-0 8. 0-0 Nbd7 9. Nbd2 c6 10. c4 a5 11. a3 Qe7 12. Re1 Rfb8 13. Qc2 b5 14. c5 Bc7 15. Ne5 Bf5 16. Nxc6 Qe8 17. Qc1 Rb7 18. a4 bxa4 19. bxa4 Nxc5 20. dxc5 Qxc6 21. Bb5 Rxb5 22. axb5 Qxb5 23. Bxf6 gxf6 24. e4 Bg6 25. exd5 exd5 26. Nf3 a4 27. Rd1 Qc4 28. Qa3 Ra5 29. Rd4 Qxc5 30. Qxc5 Rxc5 31. Rdxa4 Kg7 1/2-1/2

[Event "SVK-chT 2223"]
[Site "Slovakia"]
[Date "2022.10.23"]
[Round "2.4"]
[White "Turcan, Richard"]
[Black "Szucs, Vladimir"]
[Result "1/2-1/2"]
[WhiteElo "2346"]
[BlackElo "2065"]
[PlyCount "90"]
[EventDate "2022.10.22"]
[EventType "team-tourn"]
[EventRounds "11"]
[EventCountry "SVK"]
[SourceTitle "EXT 2024"]
[Source "ChessBase"]
[SourceDate "2023.10.10"]
[SourceVersion "1"]
[SourceVersionDate "2023.10.10"]
[SourceQuality "1"]
[WhiteTeam "Liptov Chess School"]
[BlackTeam "Podhajska Aquamarin"]
[WhiteTeamCountry "SVK"]
[BlackTeamCountry "SVK"]

1. c4 c5 2. Nc3 Nc6 3. Nf3 g6 4. e3 Nf6 5. d4 cxd4 6. exd4 d5 7. cxd5 Nxd5 8. Qb3 e6 9. Bb5 Bg7 10. 0-0 0-0 11. Bxc6 bxc6 12. Bg5 Qb6 13. Qc2 Nxc3 14. Qxc3 Ba6 15. Rfb1 Qb5 16. Be7 Rfe8 17. Bc5 Qd3 18. Re1 Qxc3 19. bxc3 Red8 20. Rab1 Rd7 21. Rb4 Bb5 22. Reb1 a5 23. R4b2 f6 24. a4 Bd3 25. Rd1 Ba6 26. Rb6 Rc7 27. Re1 Kf7 28. Nd2 Bd3 29. Re3 Bc2 30. Nc4 Bf8 31. Rb2 Bxc5 32. dxc5 Bxa4 33. f4 Rd8 34. Nd6+ Ke7 35. Rbe2 Bb3 36. c4 a4 37. Rxe6+ Kf8 38. Rxf6+ Kg7 39. Rfe6 Ra7 40. f5 gxf5 41. Nxf5+ Kf8 42. Nd6 a3 43. Rf6+ Kg7 44. Rf1 a2 45. Ra1 Ra4 1/2-1/2

[Event "SVK-chT1W 2223"]
[Site "Slovakia"]
[Date "2022.10.15"]
[Round "1.6"]
[White "Capak, Stefan"]
[Black "Szucs, Vladimir"]
[Result "1/2-1/2"]
[WhiteElo "1921"]
[BlackElo "2065"]
[PlyCount "57"]
[EventDate "2022.10.15"]
[EventType "team-tourn"]
[EventRounds "11"]
[EventCountry "SVK"]
[SourceTitle "EXT 2024"]
[Source "ChessBase"]
[SourceDate "2023.10.10"]
[SourceVersion "1"]
[SourceVersionDate "2023.10.10"]
[SourceQuality "1"]
[WhiteTeam "Povazska Bystrica"]
[BlackTeam "Gabcikovo MSK"]
[WhiteTeamCountry "SVK"]
[BlackTeamCountry "SVK"]

1. d4 c5 2. d5 Nf6 3. c4 e6 4. Nc3 exd5 5. cxd5 d6 6. e4 g6 7. Nf3 a6 8. a4 Bg4 9. Bd3 Nbd7 10. h3 Bxf3 11. Qxf3 Ne5 12. Qe2 Nxd3+ 13. Qxd3 Bg7 14. 0-0 0-0 15. Bg5 Re8 16. Rfe1 Qb6 17. a5 Qc7 18. Qd2 Nd7 19. f4 c4 20. Na4 Nc5 21. Nb6 Rab8 22. Qc2 Nb3 23. Ra4 Nxa5 24. Nxc4 Nxc4 25. Rxc4 Qb6+ 26. Kh1 Qxb2 27. Qd3 a5 28. Rb1 Qf2 29. Rf1 1/2-1/2

[Event "SVK-chT2B 2122"]
[Site "Slovakia"]
[Date "2022.05.01"]
[Round "11.2"]
[White "Kaniansky, Miroslav"]
[Black "Szucs, Vladimir"]
[Result "0-1"]
[WhiteElo "1966"]
[BlackElo "2125"]
[PlyCount "44"]
[EventDate "2021.10.16"]
[EventType "team-tourn"]
[EventRounds "11"]
[EventCountry "SVK"]
[SourceTitle "EXT 2023"]
[Source "ChessBase"]
[SourceDate "2022.10.05"]
[SourceVersion "1"]
[SourceVersionDate "2022.10.05"]
[SourceQuality "1"]
[WhiteTeam "Prievidza"]
[BlackTeam "Levice II"]
[WhiteTeamCountry "SVK"]
[BlackTeamCountry "SVK"]

1. Nf3 d5 2. Nc3 Nf6 3. e3 e6 4. b3 Be7 5. Bb2 c5 6. Bb5+ Bd7 7. Qe2 a6 8. Bxd7+ Nbxd7 9. d4 b5 10. 0-0 0-0 11. a3 Qb6 12. Rad1 Rfc8 13. e4 cxd4 14. Nxd4 Bxa3 15. Bxa3 Rxc3 16. exd5 Nxd5 17. Bb2 N7f6 18. Rd2 Rcc8 19. c4 bxc4 20. bxc4 Nf4 21. Qf3 Ng6 22. Re1 Qb4 0-1

[Event "SVK-chT2B 2122"]
[Site "Slovakia"]
[Date "2022.04.30"]
[Round "10.1"]
[White "Vojtek, Vladimir"]
[Black "Szucs, Vladimir"]
[Result "1-0"]
[WhiteElo "2287"]
[BlackElo "2125"]
[PlyCount "69"]
[EventDate "2021.10.16"]
[EventType "team-tourn"]
[EventRounds "11"]
[EventCountry "SVK"]
[SourceTitle "EXT 2023"]
[Source "ChessBase"]
[SourceDate "2022.10.05"]
[SourceVersion "1"]
[SourceVersionDate "2022.10.05"]
[SourceQuality "1"]
[WhiteTeam "Belusa"]
[BlackTeam "Levice II"]
[WhiteTeamCountry "SVK"]
[BlackTeamCountry "SVK"]

1. e4 e6 2. d4 d5 3. Nc3 Nf6 4. e5 Nfd7 5. f4 c5 6. Nf3 Nc6 7. Be3 Be7 8. Qd2 0-0 9. Be2 a6 10. 0-0 b5 11. a3 Bb7 12. Kh1 Qb6 13. Nd1 a5 14. c3 b4 15. Nf2 Ba6 16. Nd3 cxd4 17. cxd4 b3 18. f5 Rac8 19. Nf4 Na7 20. Bxa6 Qxa6 21. Qe1 Rc2 22. f6 gxf6 23. Nh5 Kh8 24. exf6 Bd6 25. Bh6 Rfc8 26. Qe3 Nf8 27. Ng5 R8c7 28. Qh3 Qc8 29. Bg7+ Kg8 30. Bxf8 Kxf8 31. Nxh7+ Ke8 32. Qxb3 R7c4 33. Ng5 Qc7 34. Ng7+ Kd8 35. N7xe6+ 1-0

[Event "SVK-chT1W 2122"]
[Site "Slovakia"]
[Date "2022.04.23"]
[Round "8.6"]
[White "Szucs, Vladimir"]
[Black "Lasch, Miroslav"]
[Result "1/2-1/2"]
[WhiteElo "2125"]
[BlackElo "2034"]
[PlyCount "115"]
[EventDate "2021.11.06"]
[EventType "team-tourn"]
[EventRounds "11"]
[EventCountry "SVK"]
[SourceTitle "EXT 2023"]
[Source "ChessBase"]
[SourceDate "2022.10.05"]
[SourceVersion "1"]
[SourceVersionDate "2022.10.05"]
[SourceQuality "1"]
[WhiteTeam "Gabcikovo MSK"]
[BlackTeam "Dubnica nad Vahom II"]
[WhiteTeamCountry "SVK"]
[BlackTeamCountry "SVK"]

1. d4 Nf6 2. c4 g6 3. Nc3 d5 4. cxd5 Nxd5 5. e4 Nxc3 6. bxc3 Bg7 7. Nf3 c5 8. Be3 Qa5 9. Qd2 cxd4 10. cxd4 Qxd2+ 11. Nxd2 0-0 12. Be2 Nc6 13. Nb3 Rd8 14. Rd1 b6 15. 0-0 Nb4 16. Rd2 Ba6 17. Bxa6 Nxa6 18. Rc1 Rac8 19. Rdc2 Rxc2 20. Rxc2 Nc5 21. Nxc5 bxc5 22. d5 Bd4 23. Bxd4 cxd4 24. Kf1 Rd7 25. Ke1 e5 26. dxe6 fxe6 27. f4 e5 28. fxe5 Kf7 29. Kd2 d3 30. Rc6 Rd4 31. Rc7+ Ke6 32. Rxa7 Kxe5 33. Rxh7 Ra4 34. Kxd3 Ra3+ 35. Ke2 Kxe4 36. Re7+ Kf5 37. Rd7 Rxa2+ 38. Rd2 Ra3 39. Rd3 Ra4 40. h3 Re4+ 41. Kf2 Ra4 42. g4+ Kf4 43. Rf3+ Kg5 44. Kg3 Kh6 45. h4 Kg7 46. Re3 Kf7 47. Kf3 Ra1 48. Kf4 Ra7 49. Re5 Kf6 50. g5+ Kf7 51. Re4 Ra5 52. Rb4 Ra7 53. Rd4 Re7 54. Kg4 Kg7 55. h5 gxh5+ 56. Kxh5 Ra7 57. Rd6 Rb7 58. Rg6+ 1/2-1/2

[Event "SVK-chT 2122"]
[Site "Slovakia"]
[Date "2022.02.19"]
[Round "3.5"]
[White "Kravec, Patrik"]
[Black "Szucs, Vladimir"]
[Result "1-0"]
[WhiteElo "2139"]
[BlackElo "2123"]
[PlyCount "75"]
[EventDate "2021.10.23"]
[EventType "team-tourn"]
[EventRounds "11"]
[EventCountry "SVK"]
[SourceTitle "EXT 2023"]
[Source "ChessBase"]
[SourceDate "2022.10.05"]
[SourceVersion "1"]
[SourceVersionDate "2022.10.05"]
[SourceQuality "1"]
[WhiteTeam "Humenne Reinter"]
[BlackTeam "Podhajska Aquamarin"]
[WhiteTeamCountry "SVK"]
[BlackTeamCountry "SVK"]

1. c4 c5 2. Nc3 Nc6 3. g3 g6 4. Bg2 Bg7 5. d3 Nf6 6. Nh3 d6 7. Nf4 Bd7 8. Rb1 a6 9. 0-0 Rb8 10. b3 0-0 11. Bb2 b5 12. Ncd5 Nxd5 13. Nxd5 Bxb2 14. Rxb2 bxc4 15. dxc4 a5 16. Nc3 Ne5 17. Qd2 a4 18. f4 Ng4 19. h3 a3 20. Rc2 Nf6 21. Kh2 Qb6 22. e4 Bc6 23. Qe3 Ne8 24. e5 Ng7 25. g4 dxe5 26. Qxe5 Ne6 27. Bxc6 Qxc6 28. Nd5 Rb7 29. Rcf2 Qd6 30. Qe4 Rd7 31. Kg2 f5 32. Qe3 fxg4 33. hxg4 Ng7 34. f5 gxf5 35. gxf5 Kh8 36. f6 e6 37. Ne7 Nh5 38. Qg5 1-0

[Event "SVK-chT2B 2122"]
[Site "Slovakia"]
[Date "2021.11.14"]
[Round "4.2"]
[White "Szucs, Vladimir"]
[Black "Kovac, Lubomir2222"]
[Result "1/2-1/2"]
[WhiteElo "2125"]
[BlackElo "2070"]
[PlyCount "44"]
[EventDate "2021.10.16"]
[EventType "team-tourn"]
[EventRounds "11"]
[EventCountry "SVK"]
[SourceTitle "EXT 2023"]
[Source "ChessBase"]
[SourceDate "2022.10.05"]
[SourceVersion "1"]
[SourceVersionDate "2022.10.05"]
[SourceQuality "1"]
[WhiteTeam "Levice II"]
[BlackTeam "Sala Slovan Duslo"]
[WhiteTeamCountry "SVK"]
[BlackTeamCountry "SVK"]

1. d4 Nf6 2. Nf3 d5 3. c4 c6 4. e3 Bf5 5. Nc3 e6 6. Bd3 Bg6 7. 0-0 Nbd7 8. b3 Bd6 9. Bb2 Ne4 10. Qc2 f5 11. Ne2 0-0 12. a4 Qe7 13. Ne1 Rae8 14. f4 Bh5 15. Nf3 Ndf6 16. h3 h6 17. Qc1 g5 18. Ba3 Bxa3 19. Qxa3 Qg7 20. Ne5 Bxe2 21. Bxe2 Ng3 22. Rfe1 Nxe2+ 1/2-1/2

[Event "Liptovsky Jan Slovak op U2200"]
[Site "Liptovsky Jan"]
[Date "2021.06.18"]
[Round "2"]
[White "Szucs, Vladimir"]
[Black "Skreko, Igor1111"]
[Result "0-1"]
[WhiteElo "2168"]
[BlackElo "1884"]
[PlyCount "74"]
[EventDate "2021.06.17"]
[EventType "swiss"]
[EventRounds "7"]
[EventCountry "SVK"]
[SourceTitle "CBM 203 Extra"]
[Source "ChessBase"]
[SourceDate "2021.09.30"]
[SourceVersion "1"]
[SourceVersionDate "2021.09.30"]
[SourceQuality "1"]

1. d4 Nf6 2. c4 g6 3. Nc3 Bg7 4. e4 d6 5. Nf3 0-0 6. Be2 e5 7. 0-0 Nc6 8. d5 Ne7 9. Ne1 Nd7 10. Be3 f5 11. f3 f4 12. Bf2 g5 13. a4 h5 14. a5 Ng6 15. Nb5 Nf6 16. Nxa7 Bd7 17. Nb5 g4 18. c5 g3 19. hxg3 fxg3 20. Bxg3 Bxb5 21. Bxb5 h4 22. Bf2 Nh5 23. c6 b6 24. Nd3 bxa5 25. Qd2 Ngf4 26. Nxf4 Nxf4 27. Kh1 Bh6 28. Be3 Kh7 29. Rg1 Rg8 30. Rxa5 Rxa5 31. Qxa5 Qc8 32. Kh2 Rg3 33. Bf1 Nxg2 34. Bxg2 Bxe3 35. Re1 Qg8 36. Re2 Bf4 37. Kh1 h3 0-1

[Event "Liptovsky Jan Slovak op U2200"]
[Site "Liptovsky Jan"]
[Date "2021.06.17"]
[Round "1"]
[White "Strapec, Lukas"]
[Black "Szucs, Vladimir"]
[Result "0-1"]
[WhiteElo "1705"]
[BlackElo "2168"]
[PlyCount "28"]
[EventDate "2021.06.17"]
[EventType "swiss"]
[EventRounds "7"]
[EventCountry "SVK"]
[SourceTitle "CBM 203 Extra"]
[Source "ChessBase"]
[SourceDate "2021.09.30"]
[SourceVersion "1"]
[SourceVersionDate "2021.09.30"]
[SourceQuality "1"]

1. d4 Nf6 2. c4 c5 3. d5 e6 4. Nc3 exd5 5. cxd5 g6 6. e4 d6 7. Nf3 a6 8. a4 Bg4 9. b3 Bg7 10. Qd3 Bxf3 11. Qxf3 0-0 12. Bd3 Nxd5 13. Bd2 Nxc3 14. 0-0 Bh6 0-1

[Event "SVK-ch Rapid"]
[Site "Modra"]
[Date "2021.06.12"]
[Round "5"]
[White "Slaba, Andrea"]
[Black "Szucs, Vladimir"]
[Result "1-0"]
[WhiteElo "1969"]
[BlackElo "2168"]
[PlyCount "22"]
[EventDate "2021.06.12"]
[EventType "swiss (rapid)"]
[EventRounds "9"]
[EventCountry "SVK"]
[SourceTitle "EXT 2022"]
[Source "ChessBase"]
[SourceDate "2021.10.06"]
[SourceVersion "1"]
[SourceVersionDate "2021.10.06"]
[SourceQuality "1"]

1. d4 d5 2. c4 e6 3. Nc3 Be7 4. Nf3 Nf6 5. Bg5 0-0 6. e3 Nbd7 7. c5 c6 8. h3 b6 9. b4 bxc5 10. bxc5 Qa5 11. Qd2 Bb7 1-0

[Event "Skalica Rapid op"]
[Site "Skalica"]
[Date "2020.08.29"]
[Round "1"]
[White "Szucs, Vladimir"]
[Black "Janas, Peter"]
[Result "1/2-1/2"]
[WhiteElo "2088"]
[BlackElo "1562"]
[PlyCount "43"]
[EventDate "2020.08.29"]
[EventType "swiss (rapid)"]
[EventRounds "7"]
[EventCountry "SVK"]
[SourceTitle "CBM 198 Extra"]
[Source "ChessBase"]
[SourceDate "2020.11.30"]
[SourceVersion "1"]
[SourceVersionDate "2020.11.30"]
[SourceQuality "1"]

1. d4 d5 2. c4 e6 3. Nc3 Nf6 4. cxd5 exd5 5. Bg5 c6 6. e3 Be7 7. Bd3 h6 8. Bh4 Nbd7 9. Qc2 Ng4 10. Bg3 Ngf6 11. h3 Nf8 12. Nf3 Bd6 13. Bxd6 Qxd6 14. 0-0 Ne6 15. Rab1 Ng5 16. Ne5 0-0 17. b4 a6 18. a4 Bd7 19. b5 c5 20. Nxd7 Rfd8 21. Rfd1 Ne6 22. Kf1 1/2-1/2

[Event "Skalica Rapid op"]
[Site "Skalica"]
[Date "2020.08.29"]
[Round "7"]
[White "Szucs, Vladimir"]
[Black "Tupy, Emil"]
[Result "1-0"]
[WhiteElo "2088"]
[BlackElo "1538"]
[PlyCount "91"]
[EventDate "2020.08.29"]
[EventType "swiss (rapid)"]
[EventRounds "7"]
[EventCountry "SVK"]
[SourceTitle "CBM 198 Extra"]
[Source "ChessBase"]
[SourceDate "2020.11.30"]
[SourceVersion "1"]
[SourceVersionDate "2020.11.30"]
[SourceQuality "1"]

1. d4 d5 2. c4 c6 3. Nf3 Nf6 4. Nc3 g6 5. cxd5 Nxd5 6. e4 Nxc3 7. bxc3 Bg7 8. Bc4 0-0 9. 0-0 Nd7 10. e5 Nb6 11. Bb3 Be6 12. Bxe6 fxe6 13. Ng5 Qd5 14. Qg4 Rf5 15. Qh4 h6 16. Nf3 Re8 17. Qg4 Ref8 18. Nh4 g5 19. Nxf5 exf5 20. Qe2 f4 21. f3 Nc4 22. Rb1 b6 23. a4 e6 24. Qa2 a5 25. Re1 h5 26. Qe2 h4 27. h3 Rf5 28. Qe4 Qd7 29. Rd1 Nxe5 30. Rxb6 Qd6 31. Re1 Nc4 32. Rxc6 Qd5 33. Qxe6+ Qxe6 34. Rexe6 Ne3 35. Bxe3 fxe3 36. Rxe3 Rd5 37. Re7 Bf8 38. Rb7 Rd6 39. Rc8 Re6 40. Rbb8 Rf6 41. d5 Kg7 42. Rxf8 Rxf8 43. Rxf8 Kxf8 44. Kf2 Ke7 45. Ke3 Kd6 46. Ke4 1-0

[Event "SVK-chT1W 1920"]
[Site "Slovakia"]
[Date "2020.06.20"]
[Round "10.5"]
[White "Szucs, Vladimir"]
[Black "Obona, Jan"]
[Result "1/2-1/2"]
[WhiteElo "2170"]
[BlackElo "2148"]
[PlyCount "44"]
[EventDate "2019.10.12"]
[EventType "team-tourn"]
[EventRounds "11"]
[EventCountry "SVK"]
[SourceTitle "EXT 2022"]
[Source "ChessBase"]
[SourceDate "2021.10.06"]
[SourceVersion "1"]
[SourceVersionDate "2021.10.06"]
[SourceQuality "1"]
[WhiteTeam "Gabcikovo MSK"]
[BlackTeam "Povazska Bystrica"]
[WhiteTeamCountry "SVK"]
[BlackTeamCountry "SVK"]

1. d4 d5 2. c4 e6 3. Nc3 c6 4. cxd5 exd5 5. Bf4 Bd6 6. Bxd6 Qxd6 7. e3 Bf5 8. Bd3 Bxd3 9. Qxd3 Nf6 10. Nf3 0-0 11. 0-0 Nbd7 12. Rab1 a5 13. a3 Rfe8 14. Qc2 h6 15. Rfc1 Re6 16. b4 axb4 17. axb4 b5 18. Ne2 Ne4 19. Nf4 Rf6 20. Nh5 Re6 21. Nf4 Rf6 22. Nh5 Re6 1/2-1/2

[Event "SVK-chT2B 1920"]
[Site "Slovakia"]
[Date "2020.03.08"]
[Round "11.1"]
[White "Molnar, Erno"]
[Black "Szucs, Vladimir"]
[Result "1/2-1/2"]
[WhiteElo "2225"]
[BlackElo "2162"]
[PlyCount "98"]
[EventDate "2019.10.26"]
[EventType "team-tourn"]
[EventRounds "11"]
[EventCountry "SVK"]
[SourceTitle "CBM 195 Extra"]
[Source "ChessBase"]
[SourceDate "2020.05.31"]
[SourceVersion "1"]
[SourceVersionDate "2020.05.31"]
[SourceQuality "1"]
[WhiteTeam "Komarno II"]
[BlackTeam "Surany"]
[WhiteTeamCountry "SVK"]
[BlackTeamCountry "SVK"]

1. e4 e6 2. d4 d5 3. Nd2 c5 4. Ngf3 cxd4 5. exd5 Qxd5 6. Bc4 Qd8 7. 0-0 Nc6 8. Nb3 a6 9. Nbxd4 Nxd4 10. Nxd4 Qc7 11. Bb3 Bd6 12. Re1 Bxh2+ 13. Kh1 Be5 14. Bxe6 Bxe6 15. Nxe6 fxe6 16. Qh5+ g6 17. Qxe5 Qxe5 18. Rxe5 Kf7 19. Rc5 Re8 20. b3 Nf6 21. Bb2 Rc8 22. Rxc8 Rxc8 23. c4 Rd8 24. Bc3 Ne4 25. Be1 e5 26. Kg1 Ke6 27. Kf1 h5 28. Ke2 Kf5 29. b4 Rc8 30. c5 Rd8 31. a4 Ke6 32. Rc1 Nf6 33. Bd2 Rc8 34. Rc3 Nd5 35. Rg3 Kf5 36. Rd3 Ke6 37. Kd1 a5 38. bxa5 Rxc5 39. Rb3 Rc7 40. Ke2 Rf7 41. g3 e4 42. Rb5 Rc7 43. f3 exf3+ 44. Kxf3 Rc2 45. Be1 Rc1 46. Bf2 Rc3+ 47. Kg2 Rc7 48. Kh3 Rc2 49. Kg2 Rc7 1/2-1/2

[Event "SVK-chT1W 1920"]
[Site "Slovakia"]
[Date "2020.01.25"]
[Round "7.6"]
[White "Joba, Arpad"]
[Black "Szucs, Vladimir"]
[Result "0-1"]
[WhiteElo "2074"]
[BlackElo "2161"]
[PlyCount "76"]
[EventDate "2019.10.12"]
[EventType "team-tourn"]
[EventRounds "11"]
[EventCountry "SVK"]
[SourceTitle "CBM 194 Extra"]
[Source "ChessBase"]
[SourceDate "2020.03.31"]
[SourceVersion "1"]
[SourceVersionDate "2020.03.31"]
[SourceQuality "1"]
[WhiteTeam "Komarno"]
[BlackTeam "Gabcikovo MSK"]
[WhiteTeamCountry "SVK"]
[BlackTeamCountry "SVK"]

1. d4 d5 2. Nf3 Nf6 3. Bf4 c5 4. e3 Nc6 5. Nc3 a6 6. dxc5 Qa5 7. a3 Qxc5 8. Bd3 Bg4 9. Qd2 e6 10. Ne5 Nxe5 11. Bxe5 Be7 12. f3 Bh5 13. b4 Qc8 14. Na4 Qd8 15. Nc5 Bxc5 16. bxc5 0-0 17. Qb4 Qd7 18. Rb1 Rfc8 19. Bxf6 gxf6 20. Bxh7+ Kxh7 21. Qh4 Rxc5 22. Qxh5+ Kg7 23. Rb4 Rac8 24. Rg4+ Kf8 25. 0-0 Rxc2 26. e4 dxe4 27. fxe4 Qd4+ 28. Kh1 Ke7 29. Rg7 Rf8 30. Qf3 Rc3 31. Qe2 Rh8 32. e5 f5 33. Rd1 Qe3 34. Qb2 Qxe5 35. Qxb7+ Rc7 36. Qb4+ Kf6 37. Rg3 Qxg3 38. Qd4+ Qe5 0-1

[Event "SVK-chT1W 1920"]
[Site "Slovakia"]
[Date "2019.12.08"]
[Round "6.6"]
[White "Szucs, Vladimir"]
[Black "Dvorsky, Jozef"]
[Result "0-1"]
[WhiteElo "2161"]
[BlackElo "1984"]
[PlyCount "78"]
[EventDate "2019.10.12"]
[EventType "team-tourn"]
[EventRounds "11"]
[EventCountry "SVK"]
[SourceTitle "CBM 193 Extra"]
[Source "ChessBase"]
[SourceDate "2020.01.31"]
[SourceVersion "1"]
[SourceVersionDate "2020.01.31"]
[SourceQuality "1"]
[WhiteTeam "Gabcikovo MSK"]
[BlackTeam "Batorove Kosihy"]
[WhiteTeamCountry "SVK"]
[BlackTeamCountry "SVK"]

1. d4 f5 2. Nc3 Nf6 3. Bg5 d5 4. Bxf6 exf6 5. e3 c6 6. Bd3 Bd6 7. h4 h5 8. Qf3 g6 9. 0-0-0 b5 10. Bxb5 cxb5 11. Qxd5 Qb6 12. Nxb5 Be7 13. Qxa8 Qxb5 14. Qf3 Bb7 15. d5 Bd6 16. e4 Be5 17. Qb3 Qxb3 18. axb3 fxe4 19. Ne2 Kf7 20. c4 Na6 21. Nc3 f5 22. Rhe1 Nb4 23. Nxe4 fxe4 24. Rxe4 Bd6 25. Kd2 Bc8 26. Ra1 a6 27. Ra5 Bf5 28. Re2 Rc8 29. Ra4 Bf4+ 30. Kc3 Nxd5+ 31. Kd4 Nc7 32. b4 Rd8+ 33. Kc5 Ne6+ 34. Kb6 Rb8+ 35. Ka7 Bd3 36. Rxe6 Kxe6 37. Rxa6+ Kf5 38. g3 Rxb4 39. gxf4 Bxc4 0-1

[Event "SVK-chT 1819"]
[Site "Slovakia"]
[Date "2019.04.12"]
[Round "9.5"]
[White "Szucs, Vladimir"]
[Black "Viczencz, Peter"]
[Result "1/2-1/2"]
[WhiteElo "2144"]
[BlackElo "2003"]
[PlyCount "123"]
[EventDate "2018.11.10"]
[EventType "team-tourn"]
[EventRounds "11"]
[EventCountry "SVK"]
[SourceTitle "CBM 189 Extra"]
[Source "ChessBase"]
[SourceDate "2019.06.03"]
[SourceVersion "1"]
[SourceVersionDate "2019.06.03"]
[SourceQuality "1"]
[WhiteTeam "Podhajska Aquamarin"]
[BlackTeam "Komarno"]
[WhiteTeamCountry "SVK"]
[BlackTeamCountry "SVK"]

1. d4 Nf6 2. c4 c5 3. d5 e6 4. Nc3 exd5 5. cxd5 d6 6. Nf3 a6 7. a4 g6 8. Bf4 Bg7 9. h3 0-0 10. e3 Qc7 11. Nd2 Re8 12. Nc4 Bf8 13. Be2 Nbd7 14. 0-0 Rb8 15. a5 b5 16. axb6 Nxb6 17. Na5 Ra8 18. Qd2 Bb7 19. Nxb7 Qxb7 20. Rfd1 Nfd7 21. e4 c4 22. Be3 Rac8 23. Ra5 Bg7 24. Qc2 Nb8 25. Rda1 Re7 26. Bg5 Rec7 27. Bf4 Rd8 28. R1a2 Bd4 29. Qd2 Bg7 30. Be3 N6d7 31. R5a4 Rdc8 32. Bg4 h5 33. Bxd7 Rxd7 34. Bd4 Bxd4 35. Qxd4 Rdc7 36. Nd1 Rc5 37. R2a3 Qb5 38. Qc3 R5c7 39. Rb4 Qe8 40. Qd4 Nd7 41. Nc3 Rb8 42. Rxc4 Rxc4 43. Qxc4 Rxb2 44. Rxa6 Rc2 45. Qd4 Rc1+ 46. Kh2 Qe5+ 47. Qxe5 Nxe5 48. Nb5 Rc2 49. Nxd6 Rxf2 50. Ra1 h4 51. Rd1 Re2 52. Kg1 Kf8 53. Kf1 Rb2 54. Rd4 Ke7 55. Nc4 Nxc4 56. Rxc4 Kd6 57. Rc1 Rd2 58. Re1 Ke5 59. Re2 Rd1+ 60. Kf2 f5 61. exf5+ Kxf5 62. Re8 1/2-1/2